Statistiques concernant Les utilisateurs des Titans Primordiaux ( Attaque des Titans )

Cliquez ici pour prendre le quiz!

Statistiques générales

  • Ce quiz a été pris 58 fois
  • Le résultat moyen est 12 sur 20

Statistiques - réponses

Réponse% Correct
Eren
100%
Eren
100%
Annie
89%
Armin
89%
Reiner
85%
Ymir
81%
Ymir
81%
Sieg
74%
Falco
70%
Grisha
68%
Bertolt
66%
Peak
51%
Porco
49%
Xaver
36%
Marcel
32%
Frieda
30%
Lara
28%
Uli
23%
Karl
17%
Reiss
17%

Distribution des résultats

Percentile par nombre de réponses

% des personnes avec chaque résultat

Votre développement - résultats

Vous n’avez pas pris ce quiz